• 首页
  • 本馆介绍
  • 公告通知
  • 最新文献
  • 馆藏检索
  • 电子资源
  • 读者导购
  • 参考咨询
  • 我的图书馆
  • 登录
  • 详细信息显示
  • 放入我的书架
  • 预约/预借图书
  • 作者相关作品
  • 分类相关作品
  • 丛书相关作品
  • 出版社相关作品

书目信息

  • 表格格式
  • 工作单格式
  • 卡片格式
题名:
素养与语文
    
 
作者: 荆北 著
分册:  
出版信息: 北京   北京教育出版社  2020.1
页数: 99页
开本: 24cm
丛书名:
单 册:
中图分类: G633.302
科图分类:
主题词: 中学语文课--教学研究
电子资源:
ISBN: 978-7-5704-0394-3
000 00923nam0 2200253 45
001 012001000078
005 20140817110722.0
010    @a978-7-5704-0394-3@dCNY30.00
100    @a20200408d2019 em y0chiy0110 ea
101 0  @achi
102    @aCN@b110000
105    @aa z 000yy
106    @ar
200 1  @a素养与语文@Asu yang yu yu wen@e大都市环境中的素养语文实践@f荆北著
210    @a北京@c北京教育出版社@d2020.1
215    @a99页@c彩照@d24cm
300    @a素养语文教育实践与感悟著作系列 1
300    @a荆北母语文化
330    @a本书针对当代城市孩子成长背景、城市环境资源的独有性以及城市教育的各种优越条件进行一系列以“素养语文实验”为宗旨的课堂内外的教育实践活动,呈现多样化的语文教育教学形式,提供当代城市语文教育教学的新模式、新思路和新观念。
606 0  @a中学语文课@x教学研究
690    @aG633.302@v5
701  0 @a荆北@Ajing bei@4著
801    @aCN@bAHXH@c20210922
905    @b1361374-8@dG633.302@e1000@f5
    
    素养与语文:大都市环境中的素养语文实践/荆北著.-北京:北京教育出版社,2020.1
    99页:彩照;24cm
    素养语文教育实践与感悟著作系列 1.-荆北母语文化
    
    ISBN 978-7-5704-0394-3:CNY30.00
    本书针对当代城市孩子成长背景、城市环境资源的独有性以及城市教育的各种优越条件进行一系列以“素养语文实验”为宗旨的课堂内外的教育实践活动,呈现多样化的语文教育教学形式,提供当代城市语文教育教学的新模式、新思路和新观念。
●
相关链接 在E读中查询图书 在五车中查询图书 在当当中查询图书 在豆瓣中查询图书


正题名:素养与语文     索取号:G633.302/1000         预约/预借

序号 登录号 条形码 馆藏地/架位号 状态 备注
1 1361374   213613749   第一样本阅览室/ [索取号:G633.302/1000] 在馆    
2 1361375   213613758   教育系资料室/ [索取号:G633.302/1000] 在馆    
3 1361376   213613767   教育系资料室/ [索取号:G633.302/1000] 在馆    
4 1361377   213613776   第四借阅区/ [索取号:G633.302/1000] 在馆    
5 1361378   213613785   第四借阅区/ [索取号:G633.302/1000] 在馆    
唐山师范学院图书馆 欢迎您!
大连网信软件有限公司© 版权所有